000 00810nas a2200253 4500
001 BR8601383
003 BR-BrBNA
005 20231205090401.0
007 ta
008 230509b bl.|||p| |||| 00| 00por d
040 _aBR-BrBNA
_bpor
_cBiblioteca Nacional de Agricultura
041 _a(Pt)
072 _aL73
100 1 _aModena, C.M.
100 1 _aLeite, R.C.
100 1 _aMoreira, E.C.
245 1 _aEvolucao sorologica da leucose enzootica bovina em bezerros
246 1 _aSerologic study on enzootic bovine leukosis
650 _aBEZERRO
650 _aLEUCOSE
773 0 _tArquivos da Faculdade de Veterinaria da Universidade Federal do Rio Grande do Sul (Brazil)
_xISSN 0101-5230
_g(Dec 1984), v. 12 p. 93-97
_wBR8601383
909 _a202311
_bLúcia
_c55
_dLúcia Elande
942 _2AGRIS
_n0
_cANA
999 _c118041
_d118041